Quiz de culture générale #5 - Alex H. - Statistiques

Statistiques générales
  • Ce quiz a été pris 188 fois
  • Le résultat moyen est 8 sur 20
Statistiques - réponses
Hint Réponse % Correct
Qui est l'auteur des 4 saisons ? Antonio Vivaldi
87%
Peux-tu écrire correctement le nom complet de la Bosnie ? Bosnie-Herzégovine
82%
Qui a écrit les romans aux nom éponymes Harry Potter ? J. K. Rowling
77%
Quelle est la bonne orthographe du mot prononcé "koxisse" ? Coccyx
67%
Complétez cette suite : U-D-T-Q-C-S-? S
66%
Sur un clavier QWERTY, quelle caractère remplace le caractère ',' ? M
60%
Quel est le plus haut bâtiment jamais contruit ? Burj Khalifa
55%
En quelle unité est mesurée la résistance électrique ? Ohm
51%
Que signifie Steam en français ? Vapeur
42%
Sous quel nom est connu le corsaire de l'espace ? Albator
41%
Quelle était le nom de l'émission présentée par Dorothée ? Club Dorothée
41%
Qu'est-ce qu'un petit passereau chanteur au plumage généralement jaune ? Serin
35%
Quelle animatrice de télévision à commencé sa carrière dans la pornographie ? Clara Morgane
34%
Quel est le nom du caractère '~' ? Tilde
27%
Quel poisson nécessite une autorisation afin d'être cuisiné et servi dans des restaurants ? Fugu
24%
Dans les jeux de la franchise Diablo, quel est le nom du méchant principal ? Diablo
13%
Quel est le nom du personnage interprété par Sam Worthington dans Avatar ? Jake Sully
7%
Quel est le nom du groupe ayant chanté Funkytown ? Lipps Inc.
6%
Quel est le nom du personnage Illidan issu de l'univers Warcraft ? Hurlorage
4%
Citer un film dans lequel à joué Jean-Claude Van Damme sorti entre 2015 et 2021 Kickboxeur : Vengeance
3%
Aucun quiz correspondant
Distribution des résultats
% des personnes avec chaque résultat
Percentile par nombre de réponses
Votre historique - résultats
Vous n’avez pas pris ce quiz